[Event "Arab Games"]
[Site "Doha"]
[Date "2011.12.20"]
[Round "7"]
[White "Labib, Ibrahim Hasan"]
[Black "Goutali, Tarek"]
[Result "1/2-1/2"]
[WhiteElo "2408"]
[BlackElo "2327"]
[PlyCount "142"]
[EventDate "2011.12.13"]
[EventType "team-swiss"]
[EventRounds "9"]
[EventCountry "QAT"]
[SourceTitle "CBM 145 Extra"]
[Source "ChessBase"]
[SourceDate "2012.01.03"]
[SourceVersion "1"]
[SourceVersionDate "2012.01.03"]
[SourceQuality "1"]
[WhiteTeam "Egypt"]
[BlackTeam "Algeria"]
[WhiteTeamCountry "EGY"]
[BlackTeamCountry "ALG"]

1. e4 d6 2. d4 Nf6 3. Nc3 Nbd7 4. Nf3 e5 5. Bc4 Be7 6. 0-0 0-0 7. Re1 c6 8. a4 h6 9. b3 Qc7 10. h3 Re8 11. Bd3 Bf8 12. Bb2 b6 13. Ne2 Bb7 14. Ng3 a6 15. c4 Rad8 16. d5 a5 17. dxc6 Bxc6 18. Nh2 Nc5 19. Ng4 Nxg4 20. hxg4 Be7 21. Bc2 Qb7 22. Qf3 Bg5 23. Bc3 Re6 24. Qe2 g6 25. Nf1 Ree8 26. f3 Ne6 27. g3 f5 28. gxf5 gxf5 29. exf5 Bxf3 30. Qf2 Nc5 31. Bd2 Rf8 32. Bxg5 hxg5 33. Nh2 g4 34. Nxf3 gxf3 35. Qe3 e4 36. Bxe4 Nxe4 37. Qxe4 Qxe4 38. Rxe4 Rxf5 39. Kf2 d5 40. Rg4+ Kf7 41. Rd1 Rh8 42. Rf4 Rxf4 43. gxf4 dxc4 44. bxc4 Rh2+ 45. Kxf3 Ra2 46. Rd7+ Kf6 47. Rd6+ Kf5 48. Rd5+ Kf6 49. Rb5 Rxa4 50. Rxb6+ Kf5 51. Rb5+ Ke6 52. Re5+ Kf6 53. Rc5 Ra1 54. Ke4 a4 55. Rc6+ Ke7 56. Ra6 a3 57. Kd5 a2 58. Kc5 Kf7 59. f5 Ke7 60. Re6+ Kf7 61. Re2 Kg7 62. Rg2+ Kf7 63. Re2 Kg7 64. Rc2 Kf7 65. Kc6 Kf6 66. c5 Kxf5 67. Kc7 Ke4 68. c6 Ke3 69. Kc8 Kd3 70. Rh2 Rc1 71. Rxa2 Ke4 1/2-1/2

[Event "Arab Games"]
[Site "Doha"]
[Date "2011.12.15"]
[Round "3"]
[White "Goutali, Tarek"]
[Black "Onkoud, Abdelaziz"]
[Result "0-1"]
[WhiteElo "2327"]
[BlackElo "2384"]
[PlyCount "100"]
[EventDate "2011.12.13"]
[EventType "team-swiss"]
[EventRounds "9"]
[EventCountry "QAT"]
[SourceTitle "CBM 145 Extra"]
[Source "ChessBase"]
[SourceDate "2012.01.03"]
[SourceVersion "1"]
[SourceVersionDate "2012.01.03"]
[SourceQuality "1"]
[WhiteTeam "Algeria"]
[BlackTeam "Morocco"]
[WhiteTeamCountry "ALG"]
[BlackTeamCountry "MAR"]

1. e4 d5 2. exd5 Qxd5 3. Nc3 Qd6 4. d4 Nf6 5. Nf3 g6 6. Bc4 Bg7 7. h3 0-0 8. 0-0 a6 9. a4 b6 10. Qe2 Bb7 11. Bg5 Nc6 12. Rad1 Na5 13. Ba2 Qb4 14. Bc1 e6 15. Ne5 Rad8 16. Bg5 h6 17. Nxf7 Rxf7 18. Qxe6 hxg5 19. Qxf7+ Kh7 20. Rfe1 Rd7 21. Qe6 Qxb2 22. Rd3 Qxc2 23. Bb1 Qb3 24. d5 Qb4 25. Rg3 Qf4 26. h4 g4 27. h5 Nc4 28. Bxg6+ Kh6 29. Bb1 Nd6 30. Ne2 Qg5 31. Nc3 Rd8 32. f4 Qxh5 33. Qe2 Nf5 34. Bxf5 Qxf5 35. Qd1 Bxd5 36. Rd3 c6 37. Qd2 Nh5 38. Ne2 Bf8 39. Rf1 Bc5+ 40. Kh2 Kg6 41. Nd4 Bxd4 42. Rxd4 Re8 43. Kg1 Nf6 44. Qf2 b5 45. axb5 axb5 46. Re1 Rxe1+ 47. Qxe1 Qc2 48. Rd2 Qc5+ 49. Kh2 Ne4 50. Re2 g3+ 0-1

[Event "Arab Games rapid"]
[Site "Doha"]
[Date "2011.12.12"]
[Round "8"]
[White "Goutali, Tarek"]
[Black "Ayyad, Maher"]
[Result "1-0"]
[WhiteElo "2327"]
[BlackElo "2157"]
[PlyCount "81"]
[EventDate "2011.12.11"]
[EventType "swiss (rapid)"]
[EventRounds "9"]
[EventCountry "QAT"]
[SourceTitle "CBM 145 Extra"]
[Source "ChessBase"]
[SourceDate "2012.01.03"]
[SourceVersion "1"]
[SourceVersionDate "2012.01.03"]
[SourceQuality "1"]

1. e4 c5 2. Nf3 e6 3. d3 Nc6 4. g3 d5 5. Qe2 dxe4 6. dxe4 Nf6 7. Bg2 Be7 8. 0-0 0-0 9. e5 Nd7 10. c4 Qc7 11. Re1 b6 12. Nc3 a6 13. Bf4 Bb7 14. Rad1 Rad8 15. h4 Ndb8 16. Ne4 Rxd1 17. Rxd1 Rd8 18. Nd6 Nd7 19. Ng5 Rf8 20. Nxh7 Kxh7 21. Qe4+ Kg8 22. Nxb7 Ndxe5 23. Re1 Qxb7 24. Bxe5 Rc8 25. Qg4 Bf8 26. h5 Qe7 27. Bxg7 Bxg7 28. h6 Qf6 29. hxg7 Nd4 30. Be4 Qxg7 31. Qh5 Kf8 32. Kg2 Ke7 33. Rh1 Rd8 34. b4 cxb4 35. c5 f5 36. cxb6 fxe4 37. Qc5+ Kf7 38. b7 Qf6 39. Qc7+ Kg8 40. Qh7+ Kf8 41. Qh8+ 1-0

[Event "Arab Games blitz"]
[Site "Doha"]
[Date "2011.12.10"]
[Round "8"]
[White "Najjar, Ahmad"]
[Black "Goutali, Tarek"]
[Result "1-0"]
[WhiteElo "2274"]
[BlackElo "2327"]
[PlyCount "99"]
[EventDate "2011.12.10"]
[EventType "swiss (blitz)"]
[EventRounds "9"]
[EventCountry "QAT"]
[SourceTitle "CBM 145 Extra"]
[Source "ChessBase"]
[SourceDate "2012.01.03"]
[SourceVersion "1"]
[SourceVersionDate "2012.01.03"]
[SourceQuality "1"]

1. d4 d6 2. e4 Nf6 3. Nc3 Nbd7 4. Nf3 e5 5. dxe5 dxe5 6. Bc4 Bb4 7. 0-0 c6 8. Bg5 h6 9. Bh4 0-0 10. Qe2 b5 11. Bb3 Be7 12. Bg3 Qc7 13. Rad1 Nh5 14. Rd2 Nxg3 15. hxg3 Nc5 16. Rfd1 a5 17. a3 Nxb3 18. cxb3 Be6 19. Rc1 Qb6 20. Nxe5 Bg5 21. b4 axb4 22. axb4 Bxd2 23. Qxd2 Rac8 24. Ne2 Rfd8 25. Qc3 Rd6 26. Nf4 Rcd8 27. Nxc6 Rd1+ 28. Kh2 Rxc1 29. Qxc1 Re8 30. f3 Bc4 31. Na5 Rc8 32. Qd2 Rd8 33. Nxc4 bxc4 34. Nd5 Qd6 35. Qd4 Kh8 36. Qxc4 Ra8 37. b5 Qg6 38. g4 Qg5 39. Kg3 h5 40. Qc6 h4+ 41. Kh3 Qd8 42. b6 Ra1 43. Kh2 Qg5 44. b7 Qe5+ 45. f4 Qxb2 46. Qc8+ Kh7 47. b8Q Qf2 48. Qf5+ g6 49. Qxf7+ Kh6 50. Qh8# 1-0

[Event "Kheireddine Ameyar Memorial"]
[Site "Tipaza"]
[Date "2011.06.29"]
[Round "7"]
[White "Goutali, Tarek"]
[Black "Haddouche, Mohamed Amine"]
[Result "0-1"]
[WhiteElo "2349"]
[BlackElo "2389"]
[PlyCount "85"]
[EventDate "2011.06.25"]
[EventType "swiss"]
[EventRounds "9"]
[EventCountry "ALG"]
[SourceTitle "CBM 143 Extra"]
[Source "ChessBase"]
[SourceDate "2011.08.29"]
[SourceVersion "1"]
[SourceVersionDate "2011.08.29"]
[SourceQuality "1"]

1. e4 e5 2. Nf3 Nc6 3. Nc3 Nf6 4. g3 Bc5 5. Bg2 d6 6. d3 a6 7. 0-0 Ba7 8. h3 h6 9. Be3 Bxe3 10. fxe3 0-0 11. Nh4 g6 12. Qe1 h5 13. Qe2 Kg7 14. Rf2 Ne7 15. Raf1 Neg8 16. d4 c6 17. Nf3 Nd7 18. Qc4 Qe7 19. a4 a5 20. Qb3 Nb8 21. Qa3 Qc7 22. Rd1 Na6 23. dxe5 dxe5 24. Qd6 Qxd6 25. Rxd6 Re8 26. Bf1 Nc5 27. Kg2 Be6 28. Ng5 Rad8 29. Nxe6+ fxe6 30. Rfd2 Rxd6 31. Rxd6 Nf6 32. Bc4 Kf7 33. Be2 Ke7 34. Rd1 Nfxe4 35. Nxe4 Nxe4 36. Bd3 Rd8 37. Rf1 Nf6 38. Bxg6 e4 39. g4 Rg8 40. Rxf6 Kxf6 41. gxh5 Rd8 42. Bxe4 Kg5 43. Bg6 0-1

[Event "ALG-ch 23rd"]
[Site "Algiers"]
[Date "2011.04.27"]
[Round "1"]
[White "Seraoui, Mohcen"]
[Black "Goutali, Tarek"]
[Result "0-1"]
[WhiteElo "2099"]
[BlackElo "2330"]
[PlyCount "42"]
[EventDate "2011.04.27"]
[EventType "tourn"]
[EventRounds "9"]
[EventCountry "ALG"]
[SourceTitle "EXT 2019"]
[Source "ChessBase"]
[SourceDate "2018.10.10"]
[SourceVersion "1"]
[SourceVersionDate "2018.10.10"]
[SourceQuality "1"]

1. e4 d6 2. d4 Nf6 3. Nc3 Nbd7 4. f4 e5 5. Nf3 exd4 6. Qxd4 c6 7. Be3 d5 8. exd5 Bc5 9. Qd3 Qe7 10. Nd4 Nxd5 11. Nxd5 cxd5 12. 0-0-0 0-0 13. Bf2 Nf6 14. Nf5 Bxf5 15. Bxc5 Qxc5 16. Qxf5 Ne4 17. Bd3 g6 18. Qd7 Nf2 19. f5 Rae8 20. Qa4 Qe3+ 21. Kb1 Nxh1 0-1

[Event "ALG Control event"]
[Site "Tipaza"]
[Date "2010.11.28"]
[Round "7"]
[White "Nassr, Ali"]
[Black "Goutali, Tarek"]
[Result "0-1"]
[WhiteElo "1848"]
[BlackElo "2283"]
[PlyCount "127"]
[EventDate "2010.11.25"]
[EventType "tourn"]
[EventRounds "9"]
[EventCountry "ALG"]
[SourceTitle "EXT 2012"]
[Source "ChessBase"]
[SourceDate "2011.11.24"]
[SourceVersion "1"]
[SourceVersionDate "2011.11.24"]
[SourceQuality "1"]

1. e4 d6 2. d4 Nf6 3. Nc3 Nbd7 4. Nf3 e5 5. dxe5 dxe5 6. Bc4 Bb4 7. 0-0 c6 8. Qd3 0-0 9. Re1 b5 10. Bb3 Be7 11. Bg5 Qc7 12. Nh4 Nc5 13. Qf3 a5 14. a3 Ne6 15. Bxe6 fxe6 16. Qg3 Bc5 17. Bxf6 Rxf6 18. Nf3 Bb7 19. Red1 Raf8 20. Rd2 Rf4 21. Rad1 Bc8 22. Qg5 h6 23. Qh5 b4 24. axb4 axb4 25. Na4 Ba7 26. Qg6 Qe7 27. b3 Bd4 28. Nxd4 exd4 29. Nb6 Ba6 30. f3 R4f6 31. Qg3 e5 32. Na4 Kh7 33. Nb2 Rg6 34. Qf2 h5 35. Nd3 h4 36. h3 Rg3 37. Kh2 Rf6 38. Rg1 Bc8 39. Ne1 Rf4 40. Re2 Qg5 41. Qf1 Qe7 42. Nd3 Rf6 43. Nf2 Rg5 44. Ng4 Bxg4 45. hxg4 Qc5 46. Qd1 Qe7 47. Rh1 Rh6 48. Kg1 Qf6 49. Rf2 Rgg6 50. Qe2 Qf4 51. Rf1 c5 52. Qf2 Qg5 53. Rd1 Ra6 54. Qd2 Qxd2 55. Rxd2 Ra1+ 56. Kh2 Rxh1+ 57. Kxh1 Ra6 58. g3 hxg3 59. Kg2 Ra2 60. Kxg3 c4 61. Rh2+ Kg6 62. bxc4 b3 63. cxb3 Rxh2 64. Kxh2 0-1

[Event "ALG Control event"]
[Site "Tipaza"]
[Date "2010.11.26"]
[Round "4"]
[White "Selmane, Amine"]
[Black "Goutali, Tarek"]
[Result "0-1"]
[WhiteElo "2105"]
[BlackElo "2283"]
[PlyCount "61"]
[EventDate "2010.11.25"]
[EventType "tourn"]
[EventRounds "9"]
[EventCountry "ALG"]
[SourceTitle "EXT 2012"]
[Source "ChessBase"]
[SourceDate "2011.11.24"]
[SourceVersion "1"]
[SourceVersionDate "2011.11.24"]
[SourceQuality "1"]

1. d4 d6 2. g3 g6 3. Bg2 Bg7 4. Nf3 Nd7 5. c4 e5 6. 0-0 Ne7 7. Nc3 0-0 8. e4 exd4 9. Nxd4 Nc6 10. Nxc6 bxc6 11. Qc2 Ne5 12. b3 Qf6 13. Bb2 Nf3+ 14. Kh1 Bg4 15. Rab1 Qg5 16. Qd3 Qh5 17. a3 Ne5 18. Qe3 Bh3 19. f3 Be6 20. Kg1 f5 21. Rf2 Bh6 22. Qe2 f4 23. g4 Qg5 24. Nd1 Bg7 25. Rf1 h5 26. gxh5 Qxh5 27. Nf2 Bf6 28. Nd3 Bh4 29. Nxe5 Bg3 30. Ng4 Bxg4 31. Bh1 0-1

[Event "Olympiad-39"]
[Site "Khanty-Mansiysk"]
[Date "2010.09.29"]
[Round "8.2"]
[White "Kongsee, Uaychai"]
[Black "Goutali, Tarek"]
[Result "1-0"]
[WhiteElo "2235"]
[BlackElo "2261"]
[PlyCount "77"]
[EventDate "2010.09.21"]
[EventType "team-swiss"]
[EventRounds "11"]
[EventCountry "RUS"]
[SourceTitle "CBM 139"]
[Source "ChessBase"]
[SourceDate "2010.11.18"]
[SourceVersion "1"]
[SourceVersionDate "2010.11.18"]
[SourceQuality "1"]
[WhiteTeam "Thailand"]
[BlackTeam "Algeria"]
[WhiteTeamCountry "THA"]
[BlackTeamCountry "ALG"]

1. e4 d6 2. d4 Nf6 3. Nc3 Nbd7 4. Nf3 e5 5. Bc4 Be7 6. dxe5 dxe5 7. Ng5 0-0 8. Bxf7+ Rxf7 9. Ne6 Qe8 10. Nxc7 Qd8 11. Nxa8 b6 12. Nd5 Nxd5 13. Qxd5 Nf6 14. Qxd8+ Bxd8 15. Bg5 h6 16. 0-0-0 Be7 17. Bh4 g5 18. Bg3 Nxe4 19. Nc7 g4 20. Kb1 Bg5 21. Nb5 Nxf2 22. Nd6 Nxh1 23. Nxf7 Kxf7 24. Rxh1 e4 25. Rf1+ Ke6 26. Re1 e3 27. Bf2 Kd5 28. Bxe3 Bf6 29. Bxh6 Bf5 30. Be3 Be4 31. g3 Bf3 32. Kc1 Be5 33. c3 Bg7 34. Kd2 Bf8 35. Bf4 Bc5 36. Re5+ Kc6 37. b4 Bg1 38. Rh5 b5 39. Be3 1-0

[Event "Olympiad-39"]
[Site "Khanty-Mansiysk"]
[Date "2010.09.27"]
[Round "6.2"]
[White "Goutali, Tarek"]
[Black "Weerawardane, Romesh"]
[Result "1-0"]
[WhiteElo "2261"]
[BlackElo "2165"]
[PlyCount "48"]
[EventDate "2010.09.21"]
[EventType "team-swiss"]
[EventRounds "11"]
[EventCountry "RUS"]
[SourceTitle "CBM 139"]
[Source "ChessBase"]
[SourceDate "2010.11.18"]
[SourceVersion "1"]
[SourceVersionDate "2010.11.18"]
[SourceQuality "1"]
[WhiteTeam "Algeria"]
[BlackTeam "Sri Lanka"]
[WhiteTeamCountry "ALG"]
[BlackTeamCountry "SRI"]

1. e4 c5 2. Nf3 e6 3. d3 Nc6 4. g3 d5 5. Qe2 Nf6 6. Bg2 Be7 7. 0-0 0-0 8. e5 Nd7 9. c4 dxc4 10. dxc4 Qc7 11. Re1 b6 12. Nc3 a6 13. Bf4 Bb7 14. Rad1 Rad8 15. h4 Ba8 16. h5 Rfe8 17. h6 g6 18. Nd5 Qb8 19. Nxe7+ Nxe7 20. Bg5 Qc7 21. g4 Nc6 22. Bxd8 Rxd8 23. Qe3 Bb7 24. Qg5 Kf8 1-0

[Event "Olympiad-39"]
[Site "Khanty-Mansiysk"]
[Date "2010.09.22"]
[Round "2.1"]
[White "Faulks, Nick"]
[Black "Goutali, Tarek"]
[Result "0-1"]
[WhiteElo "2109"]
[BlackElo "2261"]
[PlyCount "44"]
[EventDate "2010.09.21"]
[EventType "team-swiss"]
[EventRounds "11"]
[EventCountry "RUS"]
[SourceTitle "CBM 139"]
[Source "ChessBase"]
[SourceDate "2010.11.18"]
[SourceVersion "1"]
[SourceVersionDate "2010.11.18"]
[SourceQuality "1"]
[WhiteTeam "Bermuda"]
[BlackTeam "Algeria"]
[WhiteTeamCountry "BER"]
[BlackTeamCountry "ALG"]

1. e4 d6 2. Bc4 Nf6 3. Nc3 e5 4. d3 c6 5. f4 exf4 6. Nf3 Be7 7. 0-0 0-0 8. Bxf4 Qb6+ 9. Kh1 Qxb2 10. Qd2 Qb6 11. Ng5 Qd8 12. Rf3 d5 13. exd5 cxd5 14. Bb3 Nc6 15. Raf1 Nd4 16. Be5 Nxf3 17. Rxf3 Bg4 18. Rg3 Bf5 19. Nh3 Bg6 20. Nf4 Bd6 21. d4 Re8 22. Bxf6 Bxf4 0-1

[Event "Olympiad-38"]
[Site "Dresden"]
[Date "2008.11.23"]
[Round "10"]
[White "Goutali, Tarek"]
[Black "Carvalho, Guillermo"]
[Result "1-0"]
[WhiteElo "2225"]
[BlackElo "2249"]
[PlyCount "71"]
[EventDate "2008.11.13"]
[EventType "team-swiss"]
[EventRounds "11"]
[EventCountry "GER"]
[SourceTitle "CBM 128"]
[Source "ChessBase"]
[SourceDate "2009.01.28"]
[SourceVersion "1"]
[SourceVersionDate "2009.01.28"]
[SourceQuality "1"]
[WhiteTeam "Algeria"]
[BlackTeam "Uruguay"]
[WhiteTeamCountry "ALG"]
[BlackTeamCountry "URU"]

1. e4 e5 2. Bc4 Nf6 3. d3 c6 4. Nf3 d5 5. Bb3 Bd6 6. Nc3 Be6 7. Bg5 Qa5 8. Bxf6 gxf6 9. 0-0 Nd7 10. Nh4 h5 11. exd5 cxd5 12. Qf3 d4 13. Ne4 Be7 14. Nf5 Bxb3 15. Ned6+ Bxd6 16. Nxd6+ Ke7 17. axb3 Qb6 18. Nf5+ Kf8 19. Qh3 Nc5 20. Rae1 Ne6 21. Qf3 Rc8 22. h4 Qc6 23. Re4 Nc5 24. Qg3 Ne6 25. Qf3 Nc5 26. Qg3 Ne6 27. f4 Qxc2 28. fxe5 Rg8 29. Qf3 fxe5 30. Nxd4 Rxg2+ 31. Qxg2 Qxg2+ 32. Kxg2 Nxd4 33. Rxe5 Rc2+ 34. Rf2 Rc7 35. Rxh5 Nxb3 36. Rg5 1-0

[Event "Olympiad-38"]
[Site "Dresden"]
[Date "2008.11.19"]
[Round "6"]
[White "Goutali, Tarek"]
[Black "Erdogdu, Mert"]
[Result "0-1"]
[WhiteElo "2225"]
[BlackElo "2449"]
[PlyCount "108"]
[EventDate "2008.11.13"]
[EventType "team-swiss"]
[EventRounds "11"]
[EventCountry "GER"]
[SourceTitle "CBM 128"]
[Source "ChessBase"]
[SourceDate "2009.01.28"]
[SourceVersion "1"]
[SourceVersionDate "2009.01.28"]
[SourceQuality "1"]
[WhiteTeam "Algeria"]
[BlackTeam "Turkey"]
[WhiteTeamCountry "ALG"]
[BlackTeamCountry "TUR"]

1. e4 c5 2. Nf3 d6 3. Bb5+ Nd7 4. d4 Ngf6 5. 0-0 a6 6. Bxd7+ Nxd7 7. Nc3 cxd4 8. Qxd4 e6 9. Rd1 Qa5 10. Bf4 e5 11. Qc4 exf4 12. Nd5 Rb8 13. b4 Qa4 14. Nd4 Be7 15. a3 Bd8 16. Nf5 0-0 17. Nfe7+ Bxe7 18. Nxe7+ Kh8 19. Rxd6 Ne5 20. Qc7 Bg4 21. f3 Bd7 22. Rd5 Nc4 23. Rxd7 h6 24. Rd3 Qxc2 25. Rad1 Rbe8 26. Nf5 b5 27. Nd6 Re6 28. Nxc4 bxc4 29. R3d2 Qb3 30. Qc5 Ree8 31. Rc1 Rc8 32. Qd4 c3 33. Rdc2 Rfd8 34. Qe5 Rd1+ 35. Rxd1 Qxc2 36. Qd6 Qb3 37. Qd7 Qc4 38. Rc1 c2 39. Qd2 g5 40. h4 Kg7 41. Kh2 Rc7 42. Kg1 f6 43. h5 Kf7 44. Kh2 Ke7 45. Kg1 Qb3 46. Kh2 Rc6 47. Kg1 Qe3+ 48. Qxe3 fxe3 49. Kf1 Kd6 50. Ke2 Rc3 51. g3 Ke5 52. a4 Kd4 53. b5 axb5 54. axb5 Kc5 0-1

[Event "Olympiad-35"]
[Site "Bled"]
[Date "2002.11.05"]
[Round "10.3"]
[White "Goutali, Tarek"]
[Black "Enjuto Velasco, Roberto"]
[Result "1-0"]
[WhiteElo "2126"]
[BlackElo "2178"]
[PlyCount "95"]
[EventDate "2002.10.26"]
[EventType "team-swiss"]
[EventRounds "14"]
[EventCountry "SLO"]
[SourceTitle "EXT 2003"]
[Source "ChessBase"]
[SourceDate "2002.11.25"]
[SourceVersion "1"]
[SourceVersionDate "2002.11.25"]
[SourceQuality "1"]
[WhiteTeam "Algeria"]
[BlackTeam "IBCA"]
[WhiteTeamCountry "ALG"]

1. e4 c5 2. c3 d5 3. exd5 Qxd5 4. d4 Nf6 5. Nf3 Bg4 6. dxc5 Qxd1+ 7. Kxd1 e6 8. b4 Be7 9. Bb5+ Nc6 10. h3 Bxf3+ 11. gxf3 0-0 12. Bxc6 bxc6 13. Nd2 Nd5 14. Bb2 Rad8 15. Kc2 Nf4 16. Nc4 Rd5 17. Rad1 Rc8 18. Bc1 Ng6 19. Be3 Kf8 20. Na5 Bd8 21. Nb3 Ke8 22. c4 Rh5 23. a4 Ne5 24. Nd2 Be7 25. f4 Nd7 26. Ne4 a5 27. b5 Nxc5 28. Bxc5 Bxc5 29. Kb3 Bb4 30. Rd3 Rf5 31. f3 cxb5 32. axb5 Ke7 33. Rhd1 Rc7 34. b6 Rb7 35. Nd6 Bxd6 36. Rxd6 Rc5 37. Kc3 Rc8 38. f5 exf5 39. R1d5 g6 40. Kd4 a4 41. c5 a3 42. Re5+ Kf8 43. Re2 Ra8 44. Ra2 Ke7 45. Kd5 Rd7 46. Rxd7+ Kxd7 47. c6+ Kd8 48. b7 1-0